Top 30 : Travis Scott - Statistiques

Statistiques générales
  • Ce quiz a été pris 142 fois
  • Le résultat moyen est 14 sur 30
Statistiques - réponses
Top Titres Featuring % Correct
5 FE!N Playboi Carti
96%
2 SICKO MODE
92%
1 goosebumps
88%
11 Goosebumps - Remix HVME
88%
3 HIGHEST IN THE ROOM
70%
12 THE SCOTTS THE SCOTTS, Kid Cudi
69%
6 ZEZE Kodak Black, Offset
67%
19 90210 Kacy Hill
64%
14 OUT WEST Jackboys, Young Thug
61%
9 Trance Metro Boomin, Young Thug
60%
4 BUTTERFLY EFFECT
58%
23 MY EYES
58%
20 Antidote
52%
18 pick up the phone Young Thug, Quavo
50%
26 Type Shit Future, Metro Boomin, Playboi Carti
47%
10 Open Arms SZA
44%
15 STARGAZING
44%
13 I KNOW ?
35%
7 Fair Trade Drake
33%
17 The London Young Thug, J. Cole
33%
30 Dark Knight Dummo Trippie Redd
29%
8 Love Galore SZA
29%
16 CAN'T SAY
27%
28 sdp interlude
27%
21 YOSEMITE
23%
27 Portland Drake, Quavo
19%
22 Take What You Want Post Malone, Ozzy Osbourne
18%
29 Overdue Metro Boomin
17%
24 Sky Walker Miguel
10%
25 5% TINT
5%
Aucun quiz correspondant
Distribution des résultats
% des personnes avec chaque résultat
Percentile par nombre de réponses
Votre historique - résultats
Vous n’avez pas pris ce quiz